[Event "CZE-chT2A 1920"]
[Site "Czech Republic"]
[Date "2020.01.26"]
[Round "7.3"]
[White "Stinka, Jakub"]
[Black "Jacek, Martin"]
[Result "1-0"]
[WhiteElo "2263"]
[BlackElo "2093"]
[PlyCount "77"]
[EventDate "2019.10.13"]
[EventType "team-tourn"]
[EventRounds "11"]
[EventCountry "CZE"]
[SourceTitle "EXT 2024"]
[Source "ChessBase"]
[SourceDate "2023.10.10"]
[SourceVersion "1"]
[SourceVersionDate "2023.10.10"]
[SourceQuality "1"]
[WhiteTeam "Pisek"]
[BlackTeam "Vysehrad II"]
[WhiteTeamCountry "CZE"]
[BlackTeamCountry "CZE"]

1. e4 c5 2. Nf3 Nc6 3. d4 cxd4 4. Nxd4 g6 5. c4 Bg7 6. Be3 Nf6 7. Nc3 0-0 8. Be2 d6 9. 0-0 Bd7 10. Qd2 a6 11. f3 Re8 12. Rfd1 Qa5 13. Nc2 Ne5 14. a4 Rec8 15. b4 Qc7 16. Na3 Be6 17. Nd5 Nxd5 18. exd5 Bd7 19. a5 Ba4 20. Re1 Qd7 21. Rab1 Qf5 22. h3 Be8 23. f4 Nd7 24. Bd3 Qf6 25. Nc2 e5 26. dxe6 fxe6 27. Bd4 e5 28. fxe5 dxe5 29. Bb2 Bf7 30. Be4 Rc7 31. Rf1 Qh4 32. Bd5 Bxd5 33. Qxd5+ Kh8 34. Ne3 Qg5 35. Qe4 Re8 36. Nd5 Nf6 37. Rxf6 Rc6 38. Rf7 Rec8 39. c5 1-0

[Event "CZE-chT2A 1819"]
[Site "Czech Republic"]
[Date "2019.03.31"]
[Round "11.4"]
[White "Kovar, Petr2222"]
[Black "Jacek, Martin"]
[Result "1/2-1/2"]
[WhiteElo "1919"]
[BlackElo "2142"]
[PlyCount "55"]
[EventDate "2018.10.14"]
[EventType "team-tourn"]
[EventRounds "11"]
[EventCountry "CZE"]
[SourceTitle "EXT 2022"]
[Source "ChessBase"]
[SourceDate "2021.10.06"]
[SourceVersion "1"]
[SourceVersionDate "2021.10.06"]
[SourceQuality "1"]
[WhiteTeam "Strakonice"]
[BlackTeam "Vysehrad II"]
[WhiteTeamCountry "CZE"]
[BlackTeamCountry "CZE"]

1. Nf3 Nf6 2. g3 g6 3. Bg2 Bg7 4. 0-0 0-0 5. c4 d6 6. Nc3 e5 7. d3 Nc6 8. Bd2 Nh5 9. Rb1 a5 10. a3 h6 11. b4 axb4 12. axb4 f5 13. b5 Ne7 14. e3 f4 15. Ne1 Nf6 16. Qb3 Kh8 17. exf4 Nf5 18. Ne2 exf4 19. Nxf4 Qe8 20. Nc2 g5 21. Rbe1 Qf7 22. Bd5 Nxd5 23. Nxd5 Nd4 24. Nxd4 Bxd4 25. Bc3 Bxc3 26. Qxc3+ Qg7 27. Qxg7+ Kxg7 28. Re7+ 1/2-1/2

[Event "CZE-chT2A 1819"]
[Site "Czech Republic"]
[Date "2018.12.02"]
[Round "4.2"]
[White "Sott, Pavel"]
[Black "Jacek, Martin"]
[Result "0-1"]
[WhiteElo "2201"]
[BlackElo "2142"]
[PlyCount "64"]
[EventDate "2018.10.14"]
[EventType "team-tourn"]
[EventRounds "11"]
[EventCountry "CZE"]
[SourceTitle "EXT 2022"]
[Source "ChessBase"]
[SourceDate "2021.10.06"]
[SourceVersion "1"]
[SourceVersionDate "2021.10.06"]
[SourceQuality "1"]
[WhiteTeam "Line"]
[BlackTeam "Vysehrad II"]
[WhiteTeamCountry "CZE"]
[BlackTeamCountry "CZE"]

1. e4 c5 2. Nf3 Nc6 3. d4 cxd4 4. Nxd4 g6 5. Be3 Bg7 6. Nc3 Nf6 7. Nxc6 bxc6 8. e5 Nd5 9. Nxd5 cxd5 10. Qxd5 Rb8 11. Bc4 e6 12. Qc5 Bb7 13. 0-0-0 Bxg2 14. Rhg1 Rc8 15. Qd4 Bf3 16. Rd2 Qc7 17. Bb5 0-0 18. Bf4 Qa5 19. Bc4 d6 20. Re1 dxe5 21. Bxe5 Rxc4 22. Qxc4 Bxe5 23. Re3 Bb7 24. Rd7 Rc8 25. Qh4 Bc6 26. b4 Qxa2 27. Rd8+ Rxd8 28. Qxd8+ Kg7 29. Kd1 Qa1+ 30. Ke2 Bb5+ 31. Kf3 Qh1+ 32. Kg4 h5+ 0-1

[Event "CZE-chT2A 1819"]
[Site "Czech Republic"]
[Date "2018.11.04"]
[Round "2.4"]
[White "Vystrcil, Martin"]
[Black "Jacek, Martin"]
[Result "1-0"]
[WhiteElo "2157"]
[BlackElo "2142"]
[PlyCount "141"]
[EventDate "2018.10.14"]
[EventType "team-tourn"]
[EventRounds "11"]
[EventCountry "CZE"]
[SourceTitle "EXT 2022"]
[Source "ChessBase"]
[SourceDate "2021.10.06"]
[SourceVersion "1"]
[SourceVersionDate "2021.10.06"]
[SourceQuality "1"]
[WhiteTeam "Ricany"]
[BlackTeam "Vysehrad II"]
[WhiteTeamCountry "CZE"]
[BlackTeamCountry "CZE"]

1. e4 d5 2. exd5 Qxd5 3. Nc3 Qd6 4. d4 c6 5. g3 Nf6 6. Bg2 Bg4 7. Nf3 Nbd7 8. 0-0 Nb6 9. h3 Bxf3 10. Bxf3 0-0-0 11. Ne2 e5 12. c3 Qd7 13. Qb3 exd4 14. Nxd4 Bc5 15. Rd1 Qxh3 16. Qxf7 Bxd4 17. Rxd4 Rxd4 18. cxd4 Qd7 19. Qxd7+ Kxd7 20. Bf4 Re8 21. Kg2 Re7 22. b3 Ke8 23. a4 Nbd5 24. Bd6 Re6 25. Be5 Kf7 26. Rh1 h6 27. Rc1 Nb4 28. Rc3 Nd7 29. Bg4 Re7 30. Bd6 Nd5 31. Rf3+ N7f6 32. Bxe7 Kxe7 33. Bc8 b6 34. Ba6 Kd6 35. Bc4 Nb4 36. Re3 Nc2 37. Re6+ Kd7 38. Re2 Nxd4 39. Rd2 c5 40. f3 Kd6 41. Kf2 Nd7 42. Ke3 Ne5 43. Rf2 Nec6 44. Ke4 Ne5 45. Rf1 Nd7 46. g4 Nf6+ 47. Kf4 a6 48. Bxa6 Nxb3 49. Kf5 Nd4+ 50. Kg6 Ne8 51. Bc4 Ke7 52. f4 Nd6 53. Bd5 Kf8 54. f5 Ne8 55. Bc4 Nc6 56. Re1 Nf6 57. g5 hxg5 58. Kxg5 Nd4 59. Kg6 Nf3 60. Re2 Ng4 61. Bd5 Nd4 62. Rb2 Ne5+ 63. Kg5 Nd7 64. Be6 Ne5 65. Rxb6 c4 66. Rb4 Ndf3+ 67. Kh5 c3 68. Rb8+ Ke7 69. Rc8 g6+ 70. fxg6 Kxe6 71. g7 1-0

[Event "CZE-chT1W 1617"]
[Site "Czech Republic"]
[Date "2017.03.05"]
[Round "9.3"]
[White "Jacek, Martin"]
[Black "Richtrova, Eliska"]
[Result "1-0"]
[WhiteElo "2207"]
[BlackElo "2188"]
[PlyCount "81"]
[EventDate "2016.10.16"]
[EventType "team-tourn"]
[EventRounds "11"]
[EventCountry "CZE"]
[SourceTitle "CBM 177 Extra"]
[Source "ChessBase"]
[SourceDate "2017.04.27"]
[SourceVersion "1"]
[SourceVersionDate "2017.04.27"]
[SourceQuality "1"]
[WhiteTeam "Vysehrad"]
[BlackTeam "Ceske Budejovice"]
[WhiteTeamCountry "CZE"]
[BlackTeamCountry "CZE"]

1. e4 d6 2. d4 Nf6 3. Nc3 g6 4. g3 Bg7 5. Bg2 0-0 6. Nge2 e5 7. 0-0 Nc6 8. d5 Ne7 9. h3 c6 10. Be3 cxd5 11. Nxd5 Nfxd5 12. exd5 Nf5 13. Bd2 b5 14. Nc3 Rb8 15. a4 a6 16. axb5 axb5 17. Ne4 Bb7 18. Ba5 Qd7 19. Bb4 Ra8 20. Qd3 Rxa1 21. Rxa1 Ra8 22. Rxa8+ Bxa8 23. c3 h5 24. h4 Kh8 25. Bh3 Bf8 26. Nf6 Qd8 27. Bxf5 Qxf6 28. Bd7 g5 29. hxg5 Qxg5 30. Bc6 Qd8 31. Qf5 Kg8 32. Qxh5 Bg7 33. Qe2 f5 34. Qxb5 f4 35. Qa5 Qg5 36. Qxa8+ Kh7 37. Qc8 fxg3 38. Qh3+ Bh6 39. Qxg3 Qd2 40. Qg4 Qxb2 41. Bxd6 1-0

[Event "CZE-chT1W 1617"]
[Site "Czech Republic"]
[Date "2016.12.04"]
[Round "4.6"]
[White "Jacek, Martin"]
[Black "Simacek, Pavel"]
[Result "0-1"]
[WhiteElo "2207"]
[BlackElo "2471"]
[PlyCount "166"]
[EventDate "2016.10.16"]
[EventType "team-tourn"]
[EventRounds "11"]
[EventCountry "CZE"]
[SourceTitle "CBM 177 Extra"]
[Source "ChessBase"]
[SourceDate "2017.04.27"]
[SourceVersion "1"]
[SourceVersionDate "2017.04.27"]
[SourceQuality "1"]
[WhiteTeam "Vysehrad"]
[BlackTeam "Turnov Zikuda"]
[WhiteTeamCountry "CZE"]
[BlackTeamCountry "CZE"]

1. e4 e5 2. Nf3 Nc6 3. Nc3 Nf6 4. Bb5 Bd6 5. d4 exd4 6. Nxd4 Nxd4 7. Qxd4 Qe7 8. f3 c6 9. Be2 0-0 10. Bg5 Be5 11. Qd2 Qb4 12. Nd1 Qxd2+ 13. Kxd2 d5 14. Bxf6 Bxf6 15. exd5 Rd8 16. Nc3 cxd5 17. Rad1 Be6 18. f4 Rac8 19. Bd3 Bg4 20. Rde1 Rd6 21. h3 Bd7 22. Nd1 Kf8 23. Re2 h6 24. Kc1 b5 25. Ne3 b4 26. Ng4 Bh4 27. Ne5 Be8 28. Rf1 a5 29. Rf3 a4 30. Rd2 g6 31. Kb1 a3 32. b3 Be1 33. Rd1 Bc3 34. Bc4 f6 35. Ng4 Bc6 36. Rfd3 d4 37. Rg3 h5 38. Nf2 f5 39. Nd3 h4 40. Rg5 Kg7 41. g3 hxg3 42. Rxg3 Rh8 43. Ne5 Be8 44. Bd3 Rh4 45. Bxf5 Rxf4 46. Bd3 Re6 47. Ng4 Bc6 48. Nh2 Rf2 49. Ng4 Rg2 50. Rxg2 Bxg2 51. Nf2 Re3 52. Rg1 Re1+ 53. Rxe1 Bxe1 54. Be4 Bxe4 55. Nxe4 Kh6 56. Kc1 Kh5 57. Kd1 Bc3 58. Ke2 Kh4 59. Nf2 Kg3 60. Nd3 g5 61. Nf2 Kf4 62. Nd3+ Kg3 63. Nf2 Ba1 64. Ne4+ Kf4 65. Nf2 Bb2 66. Kd3 Bc1 67. Ne4 Be3 68. Nf6 Kg3 69. Kc4 Kxh3 70. Kxb4 g4 71. Nxg4 Kxg4 72. Kxa3 Kf3 73. Kb4 Ke2 74. Ka3 Bc1+ 75. Kb4 Kd2 76. Kc4 Bb2 77. a4 Kxc2 78. a5 d3 79. a6 Bd4 80. Kxd4 d2 81. Kc5 d1Q 82. Kb6 Qd6+ 83. Kb7 Qd7+ 0-1

[Event "CZE-chT rap"]
[Site "Pardubice"]
[Date "2015.07.17"]
[Round "3.2"]
[White "Jaracz, Pawel"]
[Black "Jacek, Martin"]
[Result "1-0"]
[WhiteElo "2505"]
[BlackElo "2163"]
[PlyCount "119"]
[EventDate "2015.07.16"]
[EventType "team-swiss"]
[EventRounds "7"]
[EventCountry "CZE"]
[SourceTitle "CBM 167 Extra"]
[Source "ChessBase"]
[SourceDate "2015.09.14"]
[SourceVersion "1"]
[SourceVersionDate "2015.09.14"]
[SourceQuality "1"]

1. e4 d5 2. exd5 Qxd5 3. Nc3 Qd6 4. d4 Nf6 5. Nf3 c6 6. h3 Bf5 7. Bc4 Nbd7 8. Qe2 Nb6 9. Bb3 e6 10. Nh4 Bg6 11. Nxg6 hxg6 12. Be3 Be7 13. Qf3 Nbd5 14. Bd2 Nxc3 15. Bxc3 Rh4 16. g3 Rh5 17. 0-0-0 Nd5 18. Bd2 Bg5 19. Bxg5 Rxg5 20. g4 Qf4+ 21. Qxf4 Nxf4 22. f3 0-0-0 23. c3 Ra5 24. Kd2 Rh8 25. Ke3 g5 26. Rd2 Rh4 27. Bc4 b5 28. Bb3 Ra6 29. c4 Rb6 30. cxb5 cxb5 31. d5 Rd6 32. Rc1+ Kd7 33. dxe6+ fxe6 34. Rc5 Rxd2 35. Kxd2 Rxh3 36. Ke3 Ng2+ 37. Ke4 Nh4 38. Rxg5 Nxf3 39. Rxb5 Kd6 40. Bd1 Nd2+ 41. Kd4 g6 42. Ra5 Rh1 43. Be2 Rh2 44. Ra6+ Ke7 45. Ke3 Ne4 46. b4 Nc3 47. Bc4 Nd1+ 48. Kd4 Rg2 49. Rxe6+ Kd7 50. Rxg6 Rd2+ 51. Kc5 Ne3 52. Rg7+ Kd8 53. Bb3 Rg2 54. Be6 Rc2+ 55. Kd4 Re2 56. Kd3 Re1 57. Rd7+ Ke8 58. Rxa7 Ng2 59. Bf7+ Kf8 60. g5 1-0

[Event "CZE-chT rap"]
[Site "Pardubice"]
[Date "2010.07.18"]
[Round "6.5"]
[White "Jacek, Martin"]
[Black "Petr, Martin"]
[Result "1-0"]
[WhiteElo "2191"]
[BlackElo "2511"]
[PlyCount "131"]
[EventDate "2010.07.15"]
[EventType "team-swiss"]
[EventRounds "7"]
[EventCountry "CZE"]
[SourceTitle "CBM 137 Extra"]
[Source "ChessBase"]
[SourceDate "2010.09.01"]
[SourceVersion "1"]
[SourceVersionDate "2010.09.01"]
[SourceQuality "1"]

1. e4 c5 2. Nf3 d6 3. c3 Nf6 4. Be2 g6 5. 0-0 Bg7 6. Re1 0-0 7. Bf1 Nc6 8. d4 cxd4 9. Nxd4 Bd7 10. Na3 Rc8 11. Nac2 a6 12. a4 e5 13. Nxc6 Bxc6 14. Bg5 d5 15. exd5 Qxd5 16. Nb4 Qe6 17. Nxc6 Rxc6 18. Bxf6 Bxf6 19. c4 Rd8 20. Qf3 Be7 21. Qc3 e4 22. Rad1 Rxd1 23. Rxd1 Qf6 24. Qc2 Bc5 25. g3 Rb6 26. Rb1 Qe7 27. Rd1 Rf6 28. Rd2 e3 29. Re2 exf2+ 30. Kg2 Qd7 31. Qe4 a5 32. b3 Rd6 33. Qe8+ Qxe8 34. Rxe8+ Kg7 35. Re5 b6 36. Rd5 Re6 37. Rd3 Re1 38. g4 Kf6 39. Rf3+ Kg7 40. Rd3 Rb1 41. Rf3 h6 42. Rd3 Kf6 43. Rf3+ Ke6 44. Rh3 Ke5 45. Rf3 f6 46. Rh3 Kf4 47. Rxh6 Kg5 48. Rxg6+ Kh4 49. Rxf6 Rxb3 50. Be2 Rb1 51. Rh6+ Kg5 52. Rh5+ Kf6 53. Rf5+ Ke6 54. Bf1 Ra1 55. h4 Rxa4 56. h5 Ra1 57. h6 Rd1 58. h7 Rd8 59. Bd3 Bd4 60. Be4 a4 61. Bd5+ Kd6 62. Bg8 Kc6 63. Rxf2 Kc5 64. Rd2 a3 65. Rxd4 a2 66. h8Q 1-0

[Event "CZE-chT2C 0910"]
[Site "Czech Republic"]
[Date "2010.03.28"]
[Round "10.2"]
[White "Jacek, Martin"]
[Black "Neckar, Lubomir"]
[Result "0-1"]
[WhiteElo "2162"]
[BlackElo "2337"]
[PlyCount "92"]
[EventDate "2009.10.18"]
[EventType "team-tourn"]
[EventRounds "11"]
[EventCountry "CZE"]
[SourceTitle "EXT 2011"]
[Source "ChessBase"]
[SourceDate "2010.11.26"]
[SourceVersion "1"]
[SourceVersionDate "2010.11.26"]
[SourceQuality "1"]
[WhiteTeam "Mlada Boleslav"]
[BlackTeam "Lysa nad Labem II"]
[WhiteTeamCountry "CZE"]
[BlackTeamCountry "CZE"]

1. e4 c5 2. Nf3 Nc6 3. c3 Nf6 4. e5 Nd5 5. d4 cxd4 6. Bc4 Nb6 7. Bb3 d5 8. cxd4 Bg4 9. Be3 e6 10. 0-0 Be7 11. h3 Bh5 12. Nc3 0-0 13. g4 Bg6 14. Ne1 f6 15. exf6 Bxf6 16. f4 Nc4 17. Bxc4 dxc4 18. Nf3 Bd3 19. Ne2 Qd5 20. Nc3 Qd7 21. Ne2 Qd5 22. Nc3 Qd6 23. Rf2 a6 24. Ne2 b5 25. g5 Bd8 26. Ne5 Nb4 27. Nc3 Bf5 28. a3 Nd3 29. Nxd3 cxd3 30. Qf3 Bb6 31. Ne4 Qe7 32. Rd1 b4 33. Rxd3 Rab8 34. Rb3 a5 35. Nc5 Bxc5 36. dxc5 Rfd8 37. Kh2 e5 38. fxe5 Be6 39. Bd2 Qxc5 40. Re3 Rf8 41. Qe2 Rxf2+ 42. Qxf2 bxa3 43. bxa3 Rb2 44. Kg3 Qd5 45. Re2 Qd3+ 46. Kh2 Bc4 0-1

[Event "CZE-chT2C 0910"]
[Site "Czech Republic"]
[Date "2010.01.17"]
[Round "5.2"]
[White "Jacek, Martin"]
[Black "Bednar, Marcel"]
[Result "1-0"]
[WhiteElo "2162"]
[BlackElo "2159"]
[PlyCount "109"]
[EventDate "2009.10.18"]
[EventType "team-tourn"]
[EventRounds "11"]
[EventCountry "CZE"]
[SourceTitle "EXT 2011"]
[Source "ChessBase"]
[SourceDate "2010.11.26"]
[SourceVersion "1"]
[SourceVersionDate "2010.11.26"]
[SourceQuality "1"]
[WhiteTeam "Mlada Boleslav"]
[BlackTeam "Liberec"]
[WhiteTeamCountry "CZE"]
[BlackTeamCountry "CZE"]

1. e4 d6 2. d4 Nf6 3. Nc3 c6 4. g3 e5 5. Nge2 b5 6. a3 Be7 7. Bg2 Nbd7 8. 0-0 Bb7 9. h3 a5 10. dxe5 dxe5 11. g4 b4 12. Na4 Ba6 13. Re1 0-0 14. Be3 Qc7 15. Ng3 Rfd8 16. Nf5 Bf8 17. Qf3 Bb5 18. axb4 axb4 19. b3 c5 20. Nb2 Bc6 21. Ng3 Nb6 22. g5 Nfd7 23. Bf1 Ra3 24. Nc4 Nxc4 25. Bxc4 Nb6 26. Bd3 Rxd3 27. cxd3 Rxb3 28. Qd1 Rc3 29. Ne2 Ra3 30. Rxa3 bxa3 31. Qb3 Nd7 32. Qxa3 c4 33. Qc3 cxd3 34. Qxd3 Qa5 35. Rb1 g6 36. Nc3 Qa3 37. Qc4 Qd6 38. Rd1 Qe6 39. Qxe6 fxe6 40. f3 Kf7 41. Kg2 Ke8 42. h4 Nc5 43. Ne2 Bb5 44. Nc3 Bc4 45. Ra1 Nd3 46. Na4 Bb4 47. Nb6 Bb5 48. Ra7 Ne1+ 49. Kg3 Be2 50. Nd7 Nxf3 51. Nf6+ Kd8 52. Bb6+ Kc8 53. Rc7+ Kb8 54. Nd7+ Ka8 55. Ra7# 1-0

[Event "CZE-chT2C 0910"]
[Site "Czech Republic"]
[Date "2009.11.22"]
[Round "3.2"]
[White "Jacek, Martin"]
[Black "Svoboda, Vaclav"]
[Result "0-1"]
[WhiteElo "2162"]
[BlackElo "2292"]
[PlyCount "74"]
[EventDate "2009.10.18"]
[EventType "team-tourn"]
[EventRounds "11"]
[EventCountry "CZE"]
[SourceTitle "EXT 2011"]
[Source "ChessBase"]
[SourceDate "2010.11.26"]
[SourceVersion "1"]
[SourceVersionDate "2010.11.26"]
[SourceQuality "1"]
[WhiteTeam "Mlada Boleslav"]
[BlackTeam "Praha Oaza"]
[WhiteTeamCountry "CZE"]
[BlackTeamCountry "CZE"]

1. e4 c5 2. Nc3 Nc6 3. g3 g6 4. Bg2 Bg7 5. Nge2 e6 6. d3 Nge7 7. h4 h6 8. Be3 Nd4 9. Qd2 d5 10. Nf4 dxe4 11. dxe4 b6 12. Nce2 e5 13. Nd5 Nxd5 14. exd5 Bg4 15. Bxd4 cxd4 16. 0-0 0-0 17. f4 h5 18. Rae1 Qd6 19. c3 exf4 20. gxf4 Bxe2 21. Rxe2 dxc3 22. bxc3 Rac8 23. f5 Bxc3 24. Qd3 Bg7 25. fxg6 fxg6 26. Rxf8+ Rxf8 27. Re6 Qf4 28. Qxg6 Qf2+ 29. Kh1 Qxh4+ 30. Kg1 Kh8 31. Re4 Bd4+ 32. Rxd4 Qxd4+ 33. Kh1 Qg7 34. Qe6 Rg8 35. Qe4 Qxg2+ 36. Qxg2 Rxg2 37. Kxg2 Kg7 0-1

[Event "CZE-chT1W 0809"]
[Site "Czech Republic"]
[Date "2009.03.01"]
[Round "9.4"]
[White "Jacek, Martin"]
[Black "Svoboda, Milos"]
[Result "0-1"]
[WhiteElo "2184"]
[BlackElo "2180"]
[PlyCount "78"]
[EventDate "2008.10.19"]
[EventType "team-tourn"]
[EventRounds "11"]
[EventCountry "CZE"]
[SourceTitle "EXT 2010"]
[Source "ChessBase"]
[SourceDate "2010.11.25"]
[SourceVersion "1"]
[SourceVersionDate "2010.11.25"]
[SourceQuality "1"]
[WhiteTeam "Vysehrad"]
[BlackTeam "Plzen"]
[WhiteTeamCountry "CZE"]
[BlackTeamCountry "CZE"]

1. e4 e5 2. Nf3 Nc6 3. Nc3 Nf6 4. Bb5 Bc5 5. 0-0 d6 6. d4 exd4 7. Nxd4 Bd7 8. Bxc6 bxc6 9. Nb3 Bb6 10. Bg5 h6 11. Bh4 g5 12. Bg3 h5 13. e5 h4 14. exf6 hxg3 15. Qf3 gxf2+ 16. Kh1 d5 17. Na4 Be6 18. Nxb6 Qd6 19. g3 axb6 20. Rxf2 Ra4 21. Re1 Kd8 22. c3 c5 23. Nc1 d4 24. Kg1 Bd5 25. Qg4 Bb7 26. Kf1 Qd5 27. Re7 Qh1+ 28. Ke2 Ba6+ 29. Nd3 Qd5 30. h4 Bxd3+ 31. Kd1 Rxa2 32. c4 Bxc4 33. Kc2 d3+ 34. Kd1 Bb3+ 35. Kc1 Ra1+ 36. Kd2 Rd1+ 37. Kc3 Rc1+ 38. Kd2 Rc2+ 39. Ke3 Qd4+ 0-1